| 000 | 00593nam a22001937a 4500 | ||
|---|---|---|---|
| 999 |
_c176026 _d176026 |
||
| 005 | 20201019160806.0 | ||
| 010 | _aENG-128583 | ||
| 020 | _c115.00 | ||
| 035 | _aEN-112115 | ||
| 037 | _bDBAD/PUB | ||
| 082 | _a115.00 | ||
| 100 | _aAshok, A. | ||
| 245 |
_aTribes of India (Volume 1)/ _cby Dr. A. Ashok and Dr. P.V. Lakshmaiah |
||
| 260 |
_aHyderabad _bTelugu Akademi _c2018 |
||
| 270 |
_aTelugu Akademi Himayatnagar Hyderabad _bHyderabad _e500029 _minfo@teluguacademy.net |
||
| 300 |
_a284p. _c24cm(pbk) _bTables |
||
| 700 | _aLakshmaiah, P.V | ||
| 942 |
_2ddc _cEN _h307.772 |
||